Statistics for U.S. Third Party Election Candidates

Click here to take the quiz!

General Stats

  • This quiz has been taken 35 times
  • The average score is 10 of 14

Answer Stats

PartyYearStateAnswer% Correct
Progressive / "Bull Moose"1912NYTheodore Roosevelt
97%
American Independent1968ALGeorge Wallace
93%
Independent1992TXRoss Perot
93%
Libertarian2016NMGary Johnson
90%
Green2000CTRalph Nader
87%
Green2016MAJill Stein
80%
Progressive1924WIBob La Follette
77%
Socialist1912INEugene V. Debs
77%
Independent1980ILJohn Anderson
73%
States Rights / "Dixiecrat"1948SCStrom Thurmond
73%
Constitutional Union1860TNJohn Bell
50%
Reform2000VAPat Buchanan
50%
Southern Democratic1860KYJohn Breckinridge
47%
Independent2016UTEvan McMullin
43%

Score Distribution

Percentile by Number Answered

Percent of People with Each Score

Your Score History

You have not taken this quiz